Covert affairs Cast 2010-2014 - Statistics

General Stats
  • This quiz has been taken 2 times
  • The average score is 5 of 87
Answer Stats
Actor role % Correct
Piper Perabo Annie Walker
100%
Peter Gallagher Arthur Campbell
100%
Kari matchett Joan Campbell
100%
Gregory Itzin Henry Wilcox
50%
Sendhil Ramamurthy Jai Wilcox
50%
Sarah Clarke Lena Smith
50%
Nic Bishop Ryan McQuaid
50%
George Ghali Abdul
0%
Shawn Doyle Aleksandre Belenko
0%
Paul Miller Alex Boulware
0%
Matthew MacFadzean Alex Jackson
0%
Joel Keller Allen Langer
0%
Marcela Garzaro Ana Sofia
0%
Andrew Moodie Andrew Branch
0%
Michael Therriault Andrew Hollman
0%
Christopher Gorham Auugie Anderson
0%
Eion Bailey Ben Mercer
0%
Monica Mustelier Beth
0%
Zuleikha Robinson Bianca Manning
0%
Michael A. Goorjan Borz Altan
0%
Perrey Reeves Caitlyn Cook
0%
Hill Harper Calder Michaels
0%
James Gilbert Charles Schinderman
0%
John Bourgeois Chet laguardi
0%
Avigail Humphreys Chloe Brooks
0%
Anne Dudek Danielle Brooks
0%
Mike Dopud David Dupres
0%
Rick Roberts Deputy DCI Joseph Nichols
0%
Aidan Devine Deric Hughes
0%
Graham Abbey Devon Jordan
0%
Ben Lawson Dr. Scott Weiss
0%
Vanessa matsui Emily
0%
Dylan Taylor Eric Barber
0%
Craig Eldridge Eric Braithwaite
0%
Oded Fehr Eyal lavine
0%
Rebecca Mader Franka
0%
Rena Sofer Geena
0%
Adrian G. griffiths Greg McCarthy
0%
Bruno Verdoni Griffin Cole
0%
Alex Poch-Goldin guerrero
0%
Amy Jo Johnson Hayley Price
0%
Michelle Ryan Helen Hanson
0%
Marton Csokas Ivan kravec
0%
Kenny Johnson James Decker
0%
Lana Parilla Julia Suarez
0%
Ian Matthews Karl Schimdt
0%
Adelaide Humphreys Katia Brooks
0%
Haaz Sleiman Khalid Ansari
0%
Duane Murray Kip Pastor
0%
Zoe Doyle Linda
0%
Emmanuelle Vaugier Liza hearn
0%
Rod wilson Major Wylde
0%
Daniel Kash Mashkov
0%
Richard Topol Maxim
0%
Michelle Nolden Megan Carr
0%
Evan Sabba Michael Brooks
0%
Victoria Fodor Midge
0%
Miranda Edwards Millie
0%
Liane Balaban Natasha Petrovna
0%
Jonathon Togo Nelson Smith
0%
Daniel matmor Noah
0%
Rachel Wilson Nurse Susan
0%
Lynn Collins Olga Akarvoa
0%
Carl Ng Oliver Lee
0%
Amanda Brugel Olivia
0%
Devin Kelley Parker Rowland
0%
Ian Fisher Patrick
0%
Neil Girvan Paul Shanahan
0%
Richard Short Reese
0%
Jaimie Alexander Reva Kline
0%
Greg Gale Roger Bennett
0%
Alex Woods Sam
0%
Seeta Indrani Sana Wilcox
0%
Kate Trotter Senator Claire Pierson
0%
Damir Andrei Senator Douglas Kelly
0%
Greg Ellwand Senator Paul Gottfried
0%
Tim Griffin Seth Newman
0%
Richard Coyle Simon Fischer
0%
David Andrews Steve Barr
0%
Gabe Grey Stu
0%
nazneen Contractor Sydney
0%
Manolo Cardona Teo Braga
0%
Michelle Ryan Teresa Hamilton
0%
Paul Sun-Hyung Lee Theo Will
0%
Rossif Sutherland Tony Salgado
0%
Noam Jenkins Vincent Rossabi
0%
Agnes Bruckner Zarya Fischer
0%
No matching quizzes found
Score Distribution
Percent of People with Each Score
Percentile by Number Answered
Your Score History
You have not taken this quiz